000 00756cam a22002533a 4500
001 1202
003 PGUSA
005 20140828082958.0
008 060109s2006||||xxu|||||s|||||000 | eng d
040 _aPGUSA
_beng
042 _adc
050 4 _aPR
100 1 _aConrad, Joseph,
_d1857-1924
245 1 0 _aTales of Unrest
_h[electronic resource] /
_cJoseph Conrad
260 _bProject Gutenberg,
_c2006
505 0 _aKarain: a memory -- The idiots -- An outpost of progress -- The return -- The lagoon.
506 _aPublic domain in the USA.
516 _aElectronic text
653 _aShort stories
653 _aAdventure stories, English
830 0 _aProject Gutenberg
_v1202
856 4 0 _uhttp://www.gutenberg.org/ebooks/1202
942 _cEB
999 _c230550
_d230550